000 00270nam a2200109Ia 4500
008 190914s9999||||xx |||||||||||||| ||und||
100 _aJames C.Van Horne
245 0 _aFinancial Management and Policy
260 _aIndia
_bS. Chand
_c1992
300 _a544
942 _cBK
999 _c10143
_d10143